00849nam a22002417a 4500999001700000003000900017008004100026040007100067082002000138100002300158245002700181260004100208300004400249440003800293505003500331650002900366650001900395650002400414700004600438942001600484945000900500952009800509 c10117d10117AR-CdUCM190329b ||||| |||| 00| 0 spa d aMUNICIPALIDAD PROVINCIAL DEL CUSCOcBIBLIOTECA MUNICIPAL DEL CUSCO aES / 800 /bA37 aAlcott, Louisa May aLos muchachos del Jo / aBarcelona :bEditorial Mateu,c1958. a255 páginas ;bIlustraciones,c19 cm. aColección juvenil cadete914092 aContenido: Literatura juvenil. aLiteratura juvenil91580 aFicción9184 aObra literaria9308 aViñals Escoda, R. (adaptación)926783 2ddccLIBROS adavv 002ddc4070aSIbSIcCARTd2019-03-29g20.00oES / 800 / A37pSI00000273r2019-03-29yLIBROS